000 01733cam a22004218i 4500
001 23111329
003 BJBSDDR
005 20251128165659.0
006 a|||||r|||| 00| 0
007 ta
008 230502s2023 oru rb 000 0 eng
010 _a 2023013482
020 _a9781648411632
_q(trade paperback)
035 _a23111329
040 _aDLC
_beng
_erda
_cDLC
041 _aeng
042 _apcc
043 _an-us---
050 0 0 _aZ471
_b.C135h 2023
082 0 0 _a381/.45002
_223/eng/20230513
100 1 _aCaine, Danny
_946280
245 1 0 _aHow to protect bookstores and why :
_bthe present and future of bookselling /
_cDanny Caine.
263 _a2309
264 1 _aPortland, Oregon :
_bMicrocosm Publishing,
_c[2023]
300 _a222 pages ;
_c18 cm
336 _atext
_btxt
_2rdacontent
337 _aunmediated
_bn
_2rdamedia
338 _avolume
_bnc
_2rdacarrier
504 _aIncludes bibliographical references.
520 _a"As bastions of culture, anchors of local retail districts, community gathering places, and the sources of new ideas, inspiration, and delight, bookstores have the capacity to save the world. Therefore, we need to protect them and the critical roles they fill in our communities. Danny Caine makes a compelling case for the power of small, local businesses in this thoughtful examination of the dynamic world of bookstores"--
_cProvided by publisher.
650 0 _aBooksellers and bookselling
_zUnited States.
650 0 _aIndependent bookstores
_zUnited States.
650 0 _aSmall business
_zUnited States.
906 _a7
_bcbc
_corignew
_d1
_eecip
_f20
_gy-gencatlg
942 _2lcc
_n0
_cBK
946 _iLLH
999 _c125996
_d125996